Jacques Lesourne (notice n° 1668119)
[ vue normale ]
| 000 -LEADER | |
|---|---|
| fixed length control field | 00828cam a2200157 4500500 |
| 005 - DATE AND TIME OF LATEST TRANSACTION | |
| control field | 20260222004200.0 |
| 041 ## - LANGUAGE CODE | |
| Language code of text/sound track or separate title | fre |
| 042 ## - AUTHENTICATION CODE | |
| Authentication code | dc |
| 100 10 - MAIN ENTRY--PERSONAL NAME | |
| Personal name | Thépot, Jacques |
| Relator term | author |
| 245 00 - TITLE STATEMENT | |
| Title | Jacques Lesourne |
| 260 ## - PUBLICATION, DISTRIBUTION, ETC. | |
| Date of publication, distribution, etc. | 2005.<br/> |
| 500 ## - GENERAL NOTE | |
| General note | 32 |
| 520 ## - SUMMARY, ETC. | |
| Summary, etc. | Autour d’une trentaine d’ouvrages d’économie et de gestion, Jacques Lesourne, ancien élève de l’École Polytechnique, a été marqué par l’œuvre de Maurice Allais. Penseur et consultant, il a joué un rôle déterminant dans les domaines de la recherche opérationnelle, le développement de la microéconomie et l’analyse des systèmes complexes |
| 786 0# - DATA SOURCE ENTRY | |
| Note | Revue française de gestion | 156 | 3 | 2005-06-01 | p. 9-15 | 0338-4551 |
| 856 41 - ELECTRONIC LOCATION AND ACCESS | |
| Uniform Resource Identifier | <a href="https://shs.cairn.info/revue-francaise-de-gestion-2005-3-page-9?lang=fr&redirect-ssocas=7080">https://shs.cairn.info/revue-francaise-de-gestion-2005-3-page-9?lang=fr&redirect-ssocas=7080</a> |
Pas d'exemplaire disponible.




Réseaux sociaux